<?xml version="1.0" encoding="UTF-8"?>
<marc:record xmlns:marc="http://www.loc.gov/MARC21/slim">
   <marc:leader>00000nam a2200000 a 4500</marc:leader>
   <marc:datafield ind1="1" ind2=" " tag="100">
      <marc:subfield code="a">Keira Knightley</marc:subfield>
   </marc:datafield>
   <marc:datafield ind1="0" ind2="0" tag="245">
      <marc:subfield code="a">Ein Kind von Traurigkeit</marc:subfield>
   </marc:datafield>
   <marc:datafield ind1=" " ind2="1" tag="264">
      <marc:subfield code="a">Potsdam-Babelsberg</marc:subfield>
      <marc:subfield code="b">Galileo Medien AG</marc:subfield>
      <marc:subfield code="c">2007</marc:subfield>
   </marc:datafield>
   <marc:datafield ind1="1" ind2=" " tag="490">
      <marc:subfield code="a">2</marc:subfield>
   </marc:datafield>
   <marc:datafield ind1="1" ind2=" " tag="520">
      <marc:subfield code="a">Der zehnjährige Paul lebt mit seiner Mutter Mel und seinem jüngeren Bruder in einer heruntergekommenen Gegend im Londoner East End. Nach dem Tod des Vaters ist Paul plötzlich auf sich alleine gestellt, denn seine Mutter Mel hat die Verantwortung für ihr Leben längst an ihren Dealer Lenny abgegeben, der sie nicht nur mit Heroin versorgt, sondern auch ihr Liebhaber ist. Doch Paul kämpft unerbittlich darum, seine drogenabhängige Mutter zurückzugewinnen und seinen kleinen Bruder zu beschützen.</marc:subfield>
   </marc:datafield>
   <marc:datafield ind1=" " ind2=" " tag="020">
      <marc:subfield code="a">4260090981528</marc:subfield>
      <marc:subfield code="9">4260090981528</marc:subfield>
   </marc:datafield>
   <marc:datafield ind1="0" ind2=" " tag="490">
      <marc:subfield code="v">0</marc:subfield>
   </marc:datafield>
   <marc:datafield ind1=" " ind2=" " tag="300">
      <marc:subfield code="a">96 Min.</marc:subfield>
   </marc:datafield>
</marc:record>
